Visualizzazione normale
Vista MARC
- Marruecos
di Geographic Name
Records bibliografici associati: 3
001 - CONTROL NUMBER
- control field: 19644
003 - CONTROL NUMBER IDENTIFIER
- control field: IT-RoINE
005 - DATE AND TIME OF LATEST TRANSACTION
- control field: 20150604085944.0
008 - FIXED-LENGTH DATA ELEMENTS
- fixed length control field: 150604|| aca||aabn | a|a d
040 ## - CATALOGING SOURCE
- Original cataloging agency: IT-RoINE
- Transcribing agency: IT-RoINE
151 ## - HEADING--GEOGRAPHIC NAME
- Geographic name: Marruecos
- General subdivision: Historia
- Chronological subdivision: 1912-1956 (Protectorado español)
670 ## - SOURCE DATA FOUND
- Source citation: Work cat.: (IT-RoINE)0: Areal, Bárbara, 1969- 19643, La cuestión marroquí :, 2011.